| 000 | 00711nam a2200157 a 4500 | ||
|---|---|---|---|
| 001 | 000032834 | ||
| 005 | 20200930065848.0 | ||
| 008 | 110727s1911 dr 000 0 spa d | ||
| 040 |
_aDO-SdBNP _bspa _cBNPHU |
||
| 082 |
_axxxx _bH557c |
||
| 100 | 1 |
_aHernández, Miguel A. _958631 |
|
| 245 | 1 | 0 |
_aContribución al estudio del diagnóstico diferencial entre la peritonitis tuberculosa crónica en el niño i la ascaridiosis infantil. / _cMiguel A. Hernández. |
| 260 |
_aSanto Domingo : _bInstituto profesional de Santo Domingo, _c1911. |
||
| 300 |
_a56 p. ; _c23 cm. |
||
| 500 | _aOriginalmente presentado como tesis para optar por la licenciatura en la facultad de medicina del Instituto profesional de Santo Domingo | ||
| 999 |
_c32325 _d32325 |
||